Memoria leída por el excmo. Sr. D. Aniceto Mirambell, vice-presidente de la Diputación Provincial de Barcelona, en la sesión celebrada por dicha corporación el dia 1 de abril de 1871
Descripción Física:
v. ; 30 x 12 cm
MARC
| LEADER | 00000nam a2200000Ia 4500 | ||
|---|---|---|---|
| 001 | 11706 | ||
| 003 | Arxiu | ||
| 008 | 160829s1984 - xx 000 0 cat d | ||
| 080 | |a Memòries | ||
| 110 | 1 | |a Barcelona (Catalunya : Província). |b Diputació |9 52408 | |
| 240 | |a Memòria 1871 | ||
| 245 | |a Memoria leída por el excmo. Sr. D. Aniceto Mirambell, vice-presidente de la Diputación Provincial de Barcelona, en la sesión celebrada por dicha corporación el dia 1 de abril de 1871 | ||
| 260 | |a Barcelona : |b Diputació. Presidència, |c 1871 | ||
| 300 | |a v. ; |c 30 x 12 cm | ||
| 650 | 0 | |a Barcelona (Catalunya : Província). Diputació |x Memòries |9 23006 | |
| 710 | 1 | |a Barcelona (Catalunya : Província). |b Diputació |9 52408 | |
| 710 | 1 | |a Catalunya. |b Diputació Provincial |9 54288 | |
| 900 | |a bib_11706_1871_baixa.pdf | ||
| 901 | |a Arxiu | ||
| 942 | |n 1 |2 udc |c ARXIU | ||
| 952 | |0 0 |1 0 |2 udc |4 0 |7 0 |9 60641 |a Arxiu |b Arxiu |d 2021-03-26 |l 0 |r 2021-03-26 00:00:00 |w 2021-03-26 | ||
| 999 | |c 80610 |d 80610 | ||